Detalles MARC
| 000 -CABECERA |
| campo de control de longitud fija |
03085nam a2200265 i 4500 |
| 003 - IDENTIFICADOR DEL NÚMERO DE CONTROL |
| campo de control |
DO-SdBNP |
| 005 - FECHA Y HORA DE LA ÚLTIMA TRANSACCIÓN |
| campo de control |
20230517120244.0 |
| 006 - CÓDIGOS DE INFORMACIÓN DE LONGITUD FIJA--CARACTERÍSTICAS DEL MATERIAL ADICIONAL |
| campo de control de longitud fija |
a||||gr|||| 00| 0 |
| 007 - CAMPO FIJO DE DESCRIPCIÓN FÍSICA--INFORMACIÓN GENERAL |
| campo de control de longitud fija |
ta |
| 008 - DATOS DE LONGITUD FIJA--INFORMACIÓN GENERAL |
| campo de control de longitud fija |
230510t2022 dr ac||gr|||| 000 edspa d |
| 020 ## - NÚMERO INTERNACIONAL ESTÁNDAR DEL LIBRO |
| Número Internacional Estándar del Libro |
9789945933079 |
| 040 ## - FUENTE DE LA CATALOGACIÓN |
| Centro catalogador/agencia de origen |
DO-SdBNP |
| Lengua de catalogación |
spa |
| Centro/agencia transcriptor |
BNPHU |
| Normas de descripción |
rda |
| 082 #4 - NÚMERO DE LA CLASIFICACIÓN DECIMAL DEWEY |
| Número de edición |
22 |
| Número de documento/Ítem |
P637a |
| 245 10 - MENCIÓN DE TÍTULO |
| Título |
UASD alborada libertaria y debates (1961-1974). / |
| Mención de responsabilidad, etc. |
Sebastián del Pilar Sánchez; prólogo, Luis R. Decamps |
| 264 30 - PRODUCCIÓN, PUBLICACIÓN, DISTRIBUCIÓN, FABRICACIÓN Y COPYRIGHT |
| Producción, publicación, distribución, fabricación y copyright |
[Santo Domingo] : |
| Nombre del de productor, editor, distribuidor, fabricante |
El Gato EGE, |
| Fecha de producción, publicación, distribución, fabricación o copyright |
2022 |
| 300 ## - DESCRIPCIÓN FÍSICA |
| Extensión |
236 páginas : |
| Otras características físicas |
Lustraciones, retratos ; |
| Dimensiones |
22 cm. |
| 336 ## - TIPO DE CONTENIDO |
| Fuente |
rdaconten |
| Término de tipo de contenido |
texto |
| Código de tipo de contenido |
txt |
| 337 ## - TIPO DE MEDIO |
| Fuente |
rdamedia |
| Nombre/término del tipo de medio |
sin medición |
| Código del tipo de medio |
n |
| 338 ## - TIPO DE SOPORTE |
| Fuente |
rdacarrier |
| Nombre/término del tipo de soporte |
volumen |
| Código del tipo de soporte |
nc |
| 500 ## - NOTA GENERAL |
| Nota general |
Incluye datos biográficos del autor en la solapa de la cubierta. |
| 505 ## - NOTA DE CONTENIDO CON FORMATO |
| Nota de contenido con formato |
Prólogo. |
| Título |
De cuando era "dulce y honroso morir por la patria" (a propósito de un novedoso texto de Sebastián del Pilar Sánchez).-- La FED y la autonomía de la UASD en época de Caro Álvarez.-- La UASD y la FED en el tiempo de Castaños.-- Elección del rector Castaños y otros resultados.-- Elecciones de decanos y constitución del consejo.-- El congreso estudiantil.-- Datos sobre los primero dirigentes de la FED.-- Asdrúbal y el BRUC en la renuncia forzada de Castaños.-- Historia de la crisis que afectó al rector.-- Expulsión de profesores trujillistas en al UASD.-- |
| -- |
¿Quién es Cayetano Rodríguez?.-- Falla estrategia de fragua sobre control de la FED.-- Amin Abel en la FED.-- Historia del movimiento renovador universitario.-- La masacre de febrero en el palacio.-- El mejor coro universitario de América Latina.-- La historia del triunfo.-- Los estudiantes, la izquierda y el pensamiento de Mao.-- Maoismo en los grupos de la UASD.-- Una bandera roja motiva expulsión de líderes estudiantiles.-- La bandera y las elecciones.-- La muerte de Fadul.-- Medio millón a la universidad.-- |
| -- |
Marxistas cristianos apoyan a Emma Tavarez en UASD.-- Fragua selecciona su candidato chino Bujosa.-- Drama lleno de suspenso: Hugo Tolentino derrota por Kasse acta en la UASD.-- Características y desarrollo de la confrontación.--Desenlace.-- La vida universitaria en época del gordo Oviedo y Hatuey de Camps.-- Fragua resurge con chino Bujosa y la unidad de acero.-- Crisis electoral universitaria de 1970. Impugnación y enfrentamiento grupal.-- Fin de la crisis.-- Líder estudiantil acusado de informante policial.-- Fragua defiende a Felvio.-- |
| -- |
Ataques a Bosch.-- La renuncia de Felvio.-- La muerte de Chepe en la UASD.-- Homicidio y causas.-- El informe de la comisión universitaria.-- El FUSD con Santamaría se impone por tercera vez en la UASD.-- Causa de la victoria del FUSD.-- Ingrediente en el triunfo perredeísta.-- División del partido blanco trastorna grupos de la UASD.-- Comisión electoral impide uso del nombre del FUSD.-- El claustro y la puja electoral.-- El FEFLAS se constituye en principal fuerza de la UASD.-- Otros factores en el crecimiento del FEFLAS. |
| 590 ## - NOTA LOCAL (RLIN) |
| Nota local |
Inventariado 2023 / MF |
| 700 1# - PUNTO DE ACCESO ADICIONAL--NOMBRE DE PERSONA |
| 9 (RLIN) |
43967 |
| Nombre de persona |
Decamps R., Luis R |
| Fechas asociadas al nombre |
1959- |
| Término indicativo de función/relación |
prólogo |
| 942 ## - ELEMENTOS DE PUNTO DE ACCESO ADICIONAL (KOHA) |
| Fuente del sistema de clasificación o colocación |
Dewey Decimal Classification |
| Tipo de ítem Koha |
Libro |